000 02532cam a2200313 i 4500
001 57718277
003 OCoLC
005 20250206142116.0
008 050328s2005 tnua b 001 0 eng d
020 _a0805431233
020 _a9780805431230
035 _a(OCoLC)57718277
040 _aD9B
_beng
_erda
_cD9B
_dDLC
_dCBC
_dPGM
_dBAKER
_dBTCTA
_dFIN
082 0 0 _a254
_222
_bMAN 1
245 0 0 _aManagement essentials for Christian ministries /
_cedited by Michael J. Anthony and James Estep, Jr.
264 1 _aNashville, Tenn. :
_bBroadman & Holman Publishers,
_c[2005]
264 4 _c©2005
300 _aix, 454 pages :
_billustrations ;
_c24 cm
336 _atext
_btxt
_2rdacontent
337 _aunmediated
_bn
_2rdamedia
338 _avolume
_bnc
_2rdacarrier
504 _aIncludes bibliographical references (pages 427-450) and index.
505 0 _aBiblical perspectives of Christian management -- A theology of administration -- Building mission and vision -- Developing goals and objectives -- Developing a strategic ministry plan -- Policies and procedures as planning tools -- Preparing and reading a budget -- Ministry by objectives -- Organizational structures -- Preparing job descriptions -- Conducting effective meetings -- Ministry leaders as change agents -- Decision making and communication within the organization -- Recruiting and screening volunteers -- Developing staff members -- Legal and ethical considerations in ministry -- Developing leaders -- Mentoring in ministry -- Transforming groups into teams -- Leadership strategies -- Working with boards and committees -- Conducting performance reviews -- Evaluating the effectiveness of programs.
520 _aManagement Essentials for Christian Ministries is a thorough examination of management principles for Christian ministries including churches, denominations, and parachurch organizations. Contributors represent a diverse denominational cross section. Study of management principles is required coursework for seminary students today. Management Essentials For Christian Ministries represents a thorough treatment of all issues regarding church administration and functions and provides a theological grounding for organizational approaches to church management.
650 0 _aChurch management.
_0https://id.loc.gov/authorities/subjects/sh85025646
700 1 _aAnthony, Michael J.
_0https://id.loc.gov/authorities/names/n85226774
700 1 _aEstep, James Riley,
_d1963-
_0https://id.loc.gov/authorities/names/n2003103707
942 _2ddc
_cBK
_n0
999 _c10634
_d10634